00224nam a2200085Ia 4500008004100000100001900041245003400060260003600094300000800130201223s9999 xx 000 0 und d aPearson, M. N. 0aMerchants & Rulers in Gujarat aNew DelhibMunshiram Manoharlal a178